Słowa kandydujące na młodzieżowe słowo roku 2024 - Statystyki

Ogólne statystyki
  • Ten quiz został rozwiązany 17 razy
  • Średni wynik to 8 z 20
Statystyki odpowiedzi
Podpowiedź Słowo % Poprawnych
Osoba słaba w grach komputerowych Bambik
87%
Oznacza osobę pewną siebie i odnoszącą sukcesy Sigma
87%
Słowo oznaczające materiał rakotwórczy, które zostało spopularyzowane przez film "wylałeś na mnie ???" Azbest
73%
Piszę się je z błędem ortograficznym Czemó
60%
Słowo bez większego znaczenia które zyskało popularność poprzez animacje z głową osoby w toalecie Skibidi
60%
Używane jest w sytuacjach żenujących i wstydliwych Cringe
53%
W dosłownym tłumaczeniu słowo oznacza uzależnienie jednak zostało ono użyte w piosence Travisa Scotta Fein
40%
Używane jest gdy ktoś się z kimś zgadza Fr
40%
W rozwinięciu po polsku brzmi "Najlepszy w historii" GOAT
40%
Określenie używane na bliskiego kolegę Brat
33%
Oznacza osobę oderwaną od rzeczywistości Delulu
33%
Nastrój panujący w jakimś miejscu lub opisujący kogoś Aura
27%
Określenie na treści nie wnoszące nic do życia Brainrot
27%
Oznacza ubranie w wzór pantery Glamour
27%
Wymawia się je podczas znanego trendu który polega na wchodzeniu na stół Oi oi oi baka
27%
Oznacza tekst na podryw Rizz
27%
Oznacza wyraz podziwu i uznania Slay
20%
W dosłownym tłumaczeniu znaczy szczekanie Yapping
20%
Oznacza robienie czegoś intensywnie i z zaangażowaniem Oporowo
13%
Wyrażenie używane w celu pokazania chęci zakończenia rozmowy Womp womp
7%
Nie znaleziono quizów pasujących do podanych kryteriów
Rozkład punktacji
Procent ludzi z każdym wynikiem
Percentyl według liczby udzielonych odpowiedzi
Twoja historia wyników
Nie rozwiązałeś tego quizu